Concept data analysis : Theory and applications

Concept Data Analysis: Theory & Applications is essential for researchers active in information processing and data mining as well as industry practitioners who are interested in creating a commercial product for concept data analysis or developing content management applications. Computer scien...

Cijeli opis

Spremljeno u:
Bibliografski detalji
Glavni autor: Carpineto, Claudio
Format: Knjiga
Jezik:Undetermined
Izdano: Chichester, England Wiley c2004
Teme:
Oznake: Dodaj oznaku
Bez oznaka, Budi prvi tko označuje ovaj zapis!
Thư viện lưu trữ: Trung tâm Học liệu Trường Đại học Cần Thơ
LEADER 01831nam a2200217Ia 4500
001 CTU_153580
008 210402s9999 xx 000 0 und d
082 |a 004.0151 
082 |b C298 
100 |a Carpineto, Claudio 
245 0 |a Concept data analysis : 
245 0 |b Theory and applications 
245 0 |c Claudio Carpineto, Giovanni Romano 
260 |a Chichester, England 
260 |b Wiley 
260 |c c2004 
520 |a Concept Data Analysis: Theory & Applications is essential for researchers active in information processing and data mining as well as industry practitioners who are interested in creating a commercial product for concept data analysis or developing content management applications. Computer science students will also find it invaluable. Thanks to its simplicity, elegance and versatility, concept data analysis can effectively support various kinds of content management tasks using different or heterogeneous types of data, such as: Provides a comprehensive treatment of the full range of techniques developed for concept data analysis covering creation, maintenance, display and manipulation of concept lattices ; Presents application areas such as information retrieval and mining from text and web data as well as rule mining from structured data ; and Features two detailed case studies; exploring the content of the ACM Digital Library using an interface that integrates multiple search functionalities; and mining web retrieval results through the system CREDO, a version of which is available on-line for testing. 
650 |a Computer science,Machine learning,Information retrieval,Phục hồi thông tin,Khoa học máy tính,Học của máy 
650 |x Mathematics,Toán học 
904 |i Trọng Hiếu 
980 |a Trung tâm Học liệu Trường Đại học Cần Thơ